2007 genel seçim senaryoları (Record no. 3360)

MARC details
000 -BAŞLIK
Sabit Uzunlukta Kontrol Alanı 01712na a2200421 4500
001 - KONTROL NUMARASI
Denetim Alanı 22964
003 - KONTROL NUMARASI IDENTIFIER
Denetim Alanı MIRAKIL
005 - SON İŞLEM TARİHİ VE ZAMANI
Denetim Alanı 20181213154929.0
008 - SABİT-BOY VERİ ELEMANLARI - GENEL BİLGİLER
Sabit Uzunlukta Kontrol Alanı 170304b tu 000 0
035 ## - SİSTEM KONTROL NUMARASI
Sistem Kontrol Numarası 13419
040 ## - KATALOGLAMA KAYNAK
Orijinal Kataloglama Ajansı Milas
Kataloglama Dili tur
Metne Dönüştürmek Ajansı TR-AnCHP
041 ## - DİL KODU
Metin / Ses Parça Veya Ayrı Başlığın Dil Kodu tur
082 ## - DEWEY ONLU SINIFLANDIRMA NUMARASI
Sınıflandırma Numarası CHP 324.9561
Ürün Numarası T34i 2007
090 ## - SINIFLAMA NUMARASI
Sınıflama Numarası CHP 324.9561 T34i 2007
091 ## - MICROFILM RAF YER (AM) [OBSOLETE]
Mikrofilm Raf Yeri ARŞİV-SEÇMEN ARAŞTIRMALARI
100 ## - ANA GİRİŞ - KİŞİSEL İSİM
Kişisel Ad Telci, Alim
245 ## - BAŞLIK TABLOSU
Başlık 2007 genel seçim senaryoları
Sorumluluk Tablosu, Vb Alim Telci
260 ## - YAYIN, DAĞITIM, VB
Yayın, Dağıtım, Vb Yeri Ankara
Yayıncı, Dağıtıcı, Vs Adı AkYatırım
Yayın, Dağıtım, Vb Tarihi [2007]
300 ## - FİZİKSEL TANIM
Kapsam 13 s.
Diğer Fiziksel Ayrıntıları tbl.
Boyutlar 30 sm.
500 ## - GENEL NOT
Genel Not Yerel numaradaki sayılar araştırmanın yapıldığı ayları temsil eder : Ocak -1 ; Şubat - 2 ; Mart - 3 ; Nisan - 4 ; Mayıs - 5; Haziran - 6 ; Temmuz - 7; Ağustos - 8; Eylül - 9; Ekim - 10; Kasım - 11 ; Aralık - 12.
610 ## - KONU KATMA GİRİŞ - TOPLANTI ADI
Giriş Elemanı Olarak Kurumsal Ad Veya Yargı Alanı Adı CHP
Genel Alt Bölüm Kamuoyu araştırmaları
Kronolojik Alt Bölüm Siyasal eğilim
Coğrafi Alt Bölüm Türkiye
650 ## - KONU KATMA GİRİŞ - TOPİKAL DÖNEM
Topikal Süreli Veya Coğrafi Ad Giriş Elemanı Siyasal eğilim
Genel Alt Bölümü Raporlar
Kronolojik Alt Bölümü Analiz
Coğrafi Alt Bölümü Türkiye
650 ## - KONU KATMA GİRİŞ - TOPİKAL DÖNEM
Topikal Süreli Veya Coğrafi Ad Giriş Elemanı Kamuoyu araştırmaları
Genel Alt Bölümü Siyasal eğilim
Coğrafi Alt Bölümü Türkiye
650 ## - KONU KATMA GİRİŞ - TOPİKAL DÖNEM
Topikal Süreli Veya Coğrafi Ad Giriş Elemanı Kamuoyu araştırmaları
Genel Alt Bölümü Genel seçimler, 2007
Kronolojik Alt Bölümü Raporlar
Coğrafi Alt Bölümü Türkiye
650 ## - KONU KATMA GİRİŞ - TOPİKAL DÖNEM
Topikal Süreli Veya Coğrafi Ad Giriş Elemanı Kamuoyu araştırmaları
Genel Alt Bölümü Siyasal eğilim
Kronolojik Alt Bölümü Raporlar
Coğrafi Alt Bölümü Türkiye
651 ## - KONU KATMA GİRİŞ - COĞRAFİ ADI
Coğrafi İsim Türkiye
Genel Alt Bölümü Siyaset ve yönetim
Kronolojik Alt Bölümü Raporlar
740 ## - KATMA GİRİŞ - KONTROLSUZ İLGİLİ / ANALİTİK BAŞLIK
Kontrol Edilmeyen / İlgili Analitik Başlıktaki 2007 siyasal durum araştırması
740 ## - KATMA GİRİŞ - KONTROLSUZ İLGİLİ / ANALİTİK BAŞLIK
Kontrol Edilmeyen / İlgili Analitik Başlıktaki 2007 siyasal eğilim araştırmaları
740 ## - KATMA GİRİŞ - KONTROLSUZ İLGİLİ / ANALİTİK BAŞLIK
Kontrol Edilmeyen / İlgili Analitik Başlıktaki 2007 kamuoyu araştırmaları
740 ## - KATMA GİRİŞ - KONTROLSUZ İLGİLİ / ANALİTİK BAŞLIK
Kontrol Edilmeyen / İlgili Analitik Başlıktaki 2007 seçmen araştırmaları
830 ## - SERİSİ EKLENDİ GİRİŞ - ÜNİFORM ADI
Üniforma Başlık CHP kamuoyu araştırmaları
942 ## - EKLENDİ GİRİŞ ELEMANLARI (KOHA)
Sınıflandırma Veya Raf Düzeni Kaynak Dewey Decimal Classification
Koha Öğesi Türü Books
999 ## - SİSTEM KONTROL NUMARALARI (KOHA)
Koha Biblionumber 3360
Koha Biblioitemnumber 3360
657 ## - INDEX SÜRE - İŞLEVİ
-- CHP siyasi durum araştırması
657 ## - INDEX SÜRE - İŞLEVİ
-- CHP siyasal eğilim araştırması
657 ## - INDEX SÜRE - İŞLEVİ
-- CHP kamuoyu araştırması
657 ## - INDEX SÜRE - İŞLEVİ
-- CHP seçmen araştrması
Holdings
Kalıcı Konum Mevcut Konum Edinme Tarihi Edinim Kaynak Toplam Check-Out'Lar Tam Çağrı Numarası Barkod Tarih Son Görülme İtibaren Geçerli Fiyatlar Koha Öğesi Türü
CHP Kütüphanesi CHP Kütüphanesi 03/04/2017 Bağış   CHP 324.9561 T34i 2007 016907 03/04/2017 03/04/2017 Books